Collected plays /

Bibliographic Details
Main Author: Pirandello, Luigi, 1867-1936
Other Authors: Rietti, Robert, 1923-2015
Format: Book
Language:English
Published: London : New York : J. Calder ; Riverrun Press, 1987-
Series:A Calderbook ; CB432,CB448
Subjects:

MARC

Tag First Indicator Second Indicator Subfields
LEADER 00000cam a2200000 a 4500
001 in00000013688
005 20160226120130.0
008 870819m19879999enk 00010 eng
010 |a  85061656  
020 |a 0714541109 (v. 1) 
035 |a (OCoLC)16511730 
035 |9 AAA7656AM 
040 |a DLC  |c OBE  |d UtOrBLW 
049 |a TXAM  |v 1 [A11035756] 
050 0 0 |a PQ4835.I7  |b A2 1987 
100 1 |a Pirandello, Luigi,  |d 1867-1936. 
240 1 0 |a Plays.  |l English 
245 1 0 |a Collected plays /  |c Luigi Pirandello ; general editor, Robert Rietty. 
264 1 |a London :  |b J. Calder ;  |a New York :  |b Riverrun Press,  |c 1987- 
300 |a volumes ;  |c 20 cm. 
336 |a text  |b txt  |2 rdacontent 
337 |a unmediated  |b n  |2 rdamedia 
338 |a volume  |b nc  |2 rdacarrier 
490 0 |a A Calderbook ;  |v CB432,CB448 
505 0 |a v. 1. Henry IV -- The man with the flower in his mouth -- Right you are (if you think you are) -- Lazarus -- v. 3. The rules of the game -- Each in his own way -- Grafted -- The other son. 
600 1 0 |a Pirandello, Luigi,  |d 1867-1936  |x Translations into English. 
700 1 |a Rietti, Robert,  |d 1923-2015. 
999 |a MARS 
999 f f |s 7fc51dce-9e01-31b1-9fdc-b44a7762b59d  |i fadeadce-49e9-3bba-b18d-fef1f0f8cd6d  |t 0 
952 f f |p normal  |a Texas A&M University  |b College Station  |c Sterling C. Evans Library  |d Evans: Library Stacks  |t 0  |e PQ4835.I7 A2 1987  |h Library of Congress classification  |i unmediated -- volume  |k v.3  |m A14815725086 
952 f f |p normal  |a Texas A&M University  |b College Station  |c Sterling C. Evans Library  |d Evans: Library Stacks  |t 0  |e PQ4835.I7 A2 1987  |h Library of Congress classification  |i unmediated -- volume  |k v.1  |m A14811035756 
998 f f |a PQ4835.I7 A2 1987  |s v.1,v.3  |t 0  |l Evans: Library Stacks